Tự học đàm thoại tiếng Anh, tập 3 (Kèm theo CD/ 761)

Na minha lista:
Detalhes bibliográficos
Formato: Livro
Publicado em: 2008
Tags: Adicionar Tag
Sem tags, seja o primeiro a adicionar uma tag!
Thư viện lưu trữ: Mạng thư viện Đại học Đà Nẵng
LEADER 00480nam a22001811a 4500
001 000038405
003 14700
005 20160412021307.0
008 160412s2008 000
082 |a 4A(07)2514 
245 |a Tự học đàm thoại tiếng Anh, tập 3 (Kèm theo CD/ 761)  |c Christopher B.Allen 
260 |c 2008 
OWN |a LNN 
999 |a From the UDN01 
TYP |a Monograph 
980 |a Mạng thư viện Đại học Đà Nẵng